000 00408nam a2200145Ia 4500
008 100122s9999 xx 000 0 und d
082 _b3348
_a823.08
100 _aदिघे प्र नु
245 _aइंद्रधनू
260 _bप्रकाशक शोधणे
_c1924
300 _a80
630 _aइंद्रधनू
730 _aइंद्रधनू
942 _cBOOK
999 _c397419
_d397416